000 00821nas a2200265 4500
001 BR2013005062
003 BR-BrBNA
005 20231205122546.0
007 ta
008 230509b bl.|||p| |||| 00| 00por d
040 _aBR-BrBNA
_bpor
_cBiblioteca Nacional de Agricultura
041 _a(Pt)
072 _aH20; H10
100 1 _aPoltronieri, L.S.
100 1 _aVerzignassi, J.R.
100 1 _aBenchimol, R.L.
245 1 _aTectona grandis, nova hospedeira de Rhizoctonia solani no Pará
650 _aTECTONA GRANDIS
650 _aHOSPEDEIRO VEGETAL
650 _aRHIZOCTONIA SOLANI
650 _aPLANTA HERBACEA ORNAMENTAL
773 0 _tSumma Phytopathologica (Brazil)
_xISSN 0100-5405
_g(Jul-Sep 2008), v. 34(3) p. 291
_wBR2013005062
909 _a202311
_bLúcia
_c55
_dLúcia Elande
942 _2AGRIS
_n0
_cANA
999 _c229278
_d229278